Top 10 bevölkerungsärmste Länder in Afrika - Statistiken

Allgemein
  • Dieses Quiz wurde 58 mal gespielt
  • Das Durchschnittsergebnis liegt bei 8 aus 10
Antwortstatistiken
Einwohnerzahl Länder % Korrekt
128.000 Seychellen
94%
522.000 Kap Verde
90%
850.000 Komoren
88%
2.311.000 Lesotho
88%
231.000 São Tomé und Principe
88%
1.273.000 Mauritius
87%
1,230.000 Eswatini
85%
1.847.000 Äquatorialguinea
83%
1.152.000 Dschibuti
77%
2.135.000 Guinea-Bissau
67%
Keine übereinstimmenden Quizze gefunden
Verteilung der Resultate
Anzahl Personen mit jedem Resultat
Perzentil nach korrekt beantworteten Fragen
Ihre Resultats-Entwicklung
Sie haben dieses Quiz noch nicht gespielt